The occupational adjustment of youth. (Record no. 21748)

MARC details
000 -LEADER
fixed length control field 00745cam a22002411 4500
001 - CONTROL NUMBER
control field e 40000741
003 - CONTROL NUMBER IDENTIFIER
control field DLC
005 - DATE AND TIME OF LATEST TRANSACTION
control field 20260227111229.0
008 - FIXED-LENGTH DATA ELEMENTS--GENERAL INFORMATION
fixed length control field 820525s1940 dcu 000 0 eng c
010 ## - LIBRARY OF CONGRESS CONTROL NUMBER
LC control number e 40000741
035 ## - SYSTEM CONTROL NUMBER
System control number (OCoLC)8460677
040 ## - CATALOGING SOURCE
Original cataloging agency U.S. Off. of educ. Library
Transcribing agency ScRhW
Modifying agency DLC
042 ## - AUTHENTICATION CODE
Authentication code premarc
043 ## - GEOGRAPHIC AREA CODE
Geographic area code n-us---
050 00 - LIBRARY OF CONGRESS CALL NUMBER
Classification number HF5381
Item number .A73
052 ## - GEOGRAPHIC CLASSIFICATION
Geographic classification area code 3700
110 2# - MAIN ENTRY--CORPORATE NAME
Corporate name or jurisdiction name as entry element American Council on Education.
Subordinate unit American Youth Commission.
245 14 - TITLE STATEMENT
Title The occupational adjustment of youth.
Remainder of title Recommendations of the American Youth Commission of the American Council on Education.
260 ## - PUBLICATION, DISTRIBUTION, ETC.
Place of publication, distribution, etc. [Washington, D.C.,
Date of publication, distribution, etc. 1940]
300 ## - PHYSICAL DESCRIPTION
Extent 14, [2] p.
Dimensions 23 cm.
650 #0 - SUBJECT ADDED ENTRY--TOPICAL TERM
Topical term or geographic name entry element Youth.
650 #0 - SUBJECT ADDED ENTRY--TOPICAL TERM
Topical term or geographic name entry element Vocational guidance.

No items available.

Powered by Koha